000 00429nam a2200145Ia 4500
008 100122s9999 xx 000 0 und d
082 _b27685
_a823
100 _aभागवत लीलावती
245 _aरेशीम बंध
260 _bइंद्रायणी साहित्य
_c1905
300 _a86
630 _aरेशीम बंध
730 _aरेशीम बंध
942 _cBOOK
999 _c413670
_d413667